000 00613nam a22001937a 4500
999 _c10950
_d10950
003 AR-CdUCM
008 190402b ||||| |||| 00| 0 spa d
040 _aMUNICIPALIDAD PROVINCIAL DEL CUSCO
_cBIBLIOTECA MUNICIPAL DEL CUSCO
082 _aEP / 372.813 /
_bL44
100 _aLebermann, Norberto
_928029
245 _aCuentos de hadas Alemanes /
260 _aBarcelona :
_bEditorial Molino,
_c1954.
300 _a103 paginas ;
_bIlustraciones,
_c28 cm.
505 _aContenidos :Cuentos infantiles /
650 _aEducación primaria
_91561
650 _aCuentos
_9217
942 _2ddc
_cLIBROS
945 _arjall